01075 a2200133 4500003000500000005001700005040000900022082001600031245005200047260002900099300001500128505078000143650001800923Nust20230125101632.0 cNust a891.733,CHE aAnton Chekhovs Short Stories /cRalph E. Matlaw aLondonbNorton Copc1979 axi,369,p.; aChameleon (Page-1), Oysters (Page-2), A Living Chronology (Page-6), The Huntsman (Page-8), Misery (Page-11), The Requiem (Page-15), Anyuta (Page-20), Agatha (Page-20) Agatha (Page-23), Grisha (Page-31), A Gentleman Friend (Page-34), The Chorus Girl (Page-37), Dreams (Page-37), Vanka (Page-49), The Siren Song (Page-60), Sleepy (Page-64), The Grasshopper (Page-69), The Student (Page-106), Whitebrow (Page-128), Anna on the Neck (Page-133), The House with the Mansard (Page-143), A journey by Cart (Page-167), Gooseberries (Page-185), A Doctor’s Visit (Page-202), The Darling (Page-211), The Lady with the Dog (Page-221), The Bishop (Pge-235), The Betrothed (Page-247), Selection from Chekhov Letters (Page-267), Maxim Gorky (Page-276), Criticism D. S. Mirsky( Page-291).  aShort Stories